Harry potter general knowledge - Statistics

General Stats
  • This quiz has been taken 2,700 times
  • The average score is 10 of 15
Answer Stats
Hint Answer % Correct
She is the best in Harry's year. Hermione Granger
99%
He has a younger sister and five older brothers Ron Weasley
98%
She has radish earrings Luna Lovegood
97%
What colour is the philosophers stone? Red
77%
Name Harry's first Quidditch team captain. Oliver wood
73%
What is the summoning charm called? Accio
71%
What colour light is the last light voldemort shot out of his wand? Green
70%
What platform does the hogwarts express collect the students to take them to school? 9 3/4
69%
In his fifth year, his least favourite subject taught by a woman was Defence against the dark arts
65%
What is Neville's dad's first name? Frank
65%
The above answer helps him in potions Neville Longbottom
54%
In which task in the goblet of fire did Harry shoot hot water out of his wand? 2nd task
44%
In the deathly hallows, Dobby was buried at which house? Shell cottage
39%
And what station does it take them to? Hogsmeade
32%
What was filch about to do to the Weasley twins before they escaped? Whip them
10%
No matching quizzes found
Score Distribution
Percent of People with Each Score
Percentile by Number Answered
Your Score History
You have not taken this quiz